Statistics for Countries with Red Green and Yellow on their flag

Click here to take the quiz!

General Stats

  • This quiz has been taken 17 times
  • The average score is 6 of 10

Answer Stats

Answer% Correct
Mali
82%
Guinea
76%
Cameroon
76%
Benin
71%
Senegal
71%
Bolivia
65%
Lithuania
65%
Burkina Faso
53%
Republic of the Congo
24%
Grenada
18%

Score Distribution

Percentile by Number Answered

Percent of People with Each Score

Your Score History

You have not taken this quiz